[Event "TUR-chT 2nd League"]
[Site "Konya"]
[Date "2022.08.24"]
[Round "4.7"]
[White "Sungu, Yagiz Kaan"]
[Black "Soyek, Ramazan"]
[Result "0-1"]
[WhiteElo "1679"]
[BlackElo "1869"]
[PlyCount "64"]
[EventDate "2022.08.22"]
[EventType "team-swiss"]
[EventRounds "9"]
[EventCountry "TUR"]
[SourceTitle "CBM 210 Extra"]
[Source "ChessBase"]
[SourceDate "2022.11.30"]
[SourceVersion "1"]
[SourceVersionDate "2022.11.30"]
[SourceQuality "1"]
[WhiteTeam "Calli Spor"]
[BlackTeam "Karaman Masterler"]
[WhiteTeamCountry "TUR"]
[BlackTeamCountry "TUR"]

1. e4 c5 2. Nf3 Nc6 3. d4 cxd4 4. Nxd4 Nf6 5. Nc3 e5 6. Ndb5 d6 7. Bg5 a6 8. Na3 b5 9. Nd5 Be7 10. Bxf6 Bxf6 11. c4 b4 12. Nc2 a5 13. g3 Bg5 14. h4 Bh6 15. Bh3 Bb7 16. g4 Bf4 17. Qf3 0-0 18. b3 Qxh4 19. Bg2 Qg5 20. Rh5 Qg6 21. Ke2 Bg5 22. Rah1 h6 23. Kd1 a4 24. Ndxb4 axb3 25. axb3 Nxb4 26. Nxb4 d5 27. Qf5 dxc4 28. bxc4 Qd6+ 29. Nd5 Ra1+ 30. Ke2 Ra2+ 31. Kf3 Bxd5 32. exd5 Qa3+ 0-1

[Event "TUR-chT 2nd League"]
[Site "Konya"]
[Date "2022.08.23"]
[Round "3.3"]
[White "Soyek, Ramazan"]
[Black "Turan, Asim"]
[Result "0-1"]
[WhiteElo "1869"]
[BlackElo "1968"]
[PlyCount "96"]
[EventDate "2022.08.22"]
[EventType "team-swiss"]
[EventRounds "9"]
[EventCountry "TUR"]
[SourceTitle "CBM 210 Extra"]
[Source "ChessBase"]
[SourceDate "2022.11.30"]
[SourceVersion "1"]
[SourceVersionDate "2022.11.30"]
[SourceQuality "1"]
[WhiteTeam "Karaman Masterler"]
[BlackTeam "Pamukkale Yonetimi"]
[WhiteTeamCountry "TUR"]
[BlackTeamCountry "TUR"]

1. e4 e5 2. Nf3 Nc6 3. d4 exd4 4. Nxd4 Bc5 5. Be3 Qf6 6. c3 Qg6 7. Nd2 Nge7 8. Nc2 Bxe3 9. Nxe3 d6 10. Be2 0-0 11. 0-0 Kh8 12. Qb3 a5 13. a4 Rb8 14. f4 f5 15. Bd3 Be6 16. Qb5 Qf7 17. Rae1 Bd7 18. Bb1 h6 19. Kh1 fxe4 20. Nxe4 Nf5 21. Ng3 Ne5 22. Qe2 Nxe3 23. Qxe3 Ng4 24. Qd3 Nf6 25. Nf5 Qg6 26. Qh3 Bxf5 27. Bxf5 Qh5 28. Qxh5 Nxh5 29. g4 Nf6 30. c4 Rbe8 31. h3 g5 32. fxg5 hxg5 33. Be6 Kg7 34. Kg2 Re7 35. Bf5 Rfe8 36. Rxe7+ Rxe7 37. Kf3 Re5 38. h4 gxh4 39. Rh1 d5 40. Kf4 Re2 41. b3 dxc4 42. bxc4 Rd2 43. g5 Nh5+ 44. Ke3 Ng3 45. Kxd2 Nxh1 46. Ke3 Ng3 47. Bd3 h3 48. Kf3 h2 0-1

[Event "TUR-chT 1st League"]
[Site "Konya"]
[Date "2018.07.21"]
[Round "8.4"]
[White "Olcum, Ahmet"]
[Black "Soyek, Ramazan"]
[Result "1-0"]
[WhiteElo "2316"]
[BlackElo "1951"]
[PlyCount "117"]
[EventDate "2018.07.16"]
[EventType "team-swiss"]
[EventRounds "9"]
[EventCountry "TUR"]
[SourceTitle "EXT 2019"]
[Source "ChessBase"]
[SourceDate "2018.10.10"]
[SourceVersion "1"]
[SourceVersionDate "2018.10.10"]
[SourceQuality "1"]
[WhiteTeam "Tatvan Egitimi"]
[BlackTeam "Burdurspor Dernegi"]
[WhiteTeamCountry "TUR"]
[BlackTeamCountry "TUR"]

1. d4 Nf6 2. Bf4 g6 3. Nc3 d5 4. Qd2 Bf5 5. f3 h5 6. 0-0-0 c6 7. Re1 Qa5 8. e4 Be6 9. Kb1 Na6 10. Nxd5 Qxd2 11. Nxf6+ exf6 12. Bxd2 Nc7 13. c4 0-0-0 14. Bc3 Be7 15. d5 Bd7 16. d6 Bxd6 17. Bxf6 Ne6 18. Bxh8 Rxh8 19. Ne2 Be5 20. g3 Nc5 21. Rd1 Be6 22. Nf4 Kc7 23. h4 a5 24. Rh2 Rd8 25. Rxd8 Kxd8 26. Rd2+ Kc7 27. Nxe6+ Nxe6 28. f4 Bd6 29. Bh3 Nc5 30. e5 Be7 31. Kc2 f5 32. exf6 Bxf6 33. Bf1 Ne6 34. Bd3 Nf8 35. Be4 Be7 36. Kd1 Kb6 37. Ke2 Kc5 38. b3 Kb4 39. Kf3 Kc3 40. Rc2+ Kd4 41. f5 gxf5 42. Bxf5 Ke5 43. Re2+ Kf6 44. g4 Bb4 45. Bc8 hxg4+ 46. Kxg4 b6 47. Bf5 Bd6 48. h5 Kg7 49. Kg5 Ba3 50. h6+ Kg8 51. Kf6 Nh7+ 52. Bxh7+ Kxh7 53. Kg5 Bc1+ 54. Kh5 Bxh6 55. Re7+ Bg7 56. Rb7 b5 57. c5 Kg8 58. Kg6 Be5 59. Re7 1-0

[Event "TUR-chT 1st League"]
[Site "Konya"]
[Date "2018.07.16"]
[Round "1.5"]
[White "Topak, Engin"]
[Black "Soyek, Ramazan"]
[Result "1/2-1/2"]
[WhiteElo "2236"]
[BlackElo "1951"]
[PlyCount "123"]
[EventDate "2018.07.16"]
[EventType "team-swiss"]
[EventRounds "9"]
[EventCountry "TUR"]
[SourceTitle "EXT 2019"]
[Source "ChessBase"]
[SourceDate "2018.10.10"]
[SourceVersion "1"]
[SourceVersionDate "2018.10.10"]
[SourceQuality "1"]
[WhiteTeam "Berk Tugra Caliskan"]
[BlackTeam "Burdurspor Dernegi"]
[WhiteTeamCountry "TUR"]
[BlackTeamCountry "TUR"]

1. c4 Nf6 2. Nc3 e5 3. Nf3 Nc6 4. e3 Bb4 5. Qc2 0-0 6. Nd5 Bc5 7. a3 a5 8. Nxe5 Nxe5 9. d4 d6 10. dxe5 dxe5 11. Nxf6+ Qxf6 12. Bd3 Qh4 13. 0-0 Ra6 14. Bf5 Rh6 15. h3 Be6 16. b3 Rd8 17. Bb2 Bxf5 18. Qxf5 Rh5 19. Qg4 Qxg4 20. hxg4 Rg5 21. Rfd1 Rxd1+ 22. Rxd1 f6 23. Rd8+ Kf7 24. Rd7+ Ke6 25. Rxc7 b6 26. a4 Rxg4 27. Bc3 Kd6 28. Rf7 Ke6 29. Rb7 h5 30. Be1 g5 31. Kf1 Rh4 32. Kg1 Re4 33. Bd2 Kf5 34. Rh7 h4 35. Kf1 Rg4 36. f3 Rg3 37. Be1 Bxe3 38. Bxg3 hxg3 39. Ke2 Bc5 40. Rc7 Kf4 41. Rc6 f5 42. Re6 Bd4 43. Rd6 g4 44. fxg4 Kxg4 45. Rg6+ Kf4 46. Rh6 e4 47. Rh8 Kg4 48. Rd8 Bc5 49. Rd7 f4 50. Rh7 Kf5 51. Rg7 Ke5 52. Rg5+ Kd4 53. Rf5 f3+ 54. gxf3 g2 55. Kf2 e3+ 56. Kxg2 e2 57. Rd5+ Ke3 58. Re5+ Kd2 59. Rd5+ Ke3 60. Re5+ Kd2 61. Rd5+ Kc2 62. Re5 1/2-1/2

[Event "TUR Cup										"]
[Site "Antalya"]
[Date "2018.02.01"]
[Round "9"]
[White "Yigit, Ahmet Yasir"]
[Black "Soyek, Ramazan"]
[Result "0-1"]
[WhiteElo "1875"]
[BlackElo "1993"]
[PlyCount "62"]
[EventDate "2018.01.27"]
[EventType "swiss"]
[EventRounds "11"]
[EventCountry "TUR"]
[SourceTitle "CBM 182 Extra"]
[Source "ChessBase"]
[SourceDate "2018.02.23"]
[SourceVersion "1"]
[SourceVersionDate "2018.02.23"]
[SourceQuality "1"]

1. Nf3 Nf6 2. g3 d5 3. Bg2 e6 4. d4 Be7 5. 0-0 0-0 6. c4 dxc4 7. Ne5 Nc6 8. Nxc6 bxc6 9. Bxc6 Rb8 10. Nc3 Bb7 11. Bxb7 Rxb7 12. e4 c5 13. d5 Rd7 14. Qe2 exd5 15. exd5 Nxd5 16. Qxc4 Nb4 17. Be3 Nd3 18. Na4 Qa8 19. f3 Rb8 20. Rad1 Ne5 21. Qe4 Rxd1 22. Qxe5 Rxf1+ 23. Kxf1 Qxf3+ 24. Bf2 Rd8 25. Nc3 Bf6 26. Qe2 Qh1+ 27. Bg1 Bd4 28. Qg2 Qxg1+ 29. Qxg1 Bxg1 30. Kxg1 Rd2 31. Na4 c4 0-1

[Event "TUR Cup										"]
[Site "Antalya"]
[Date "2018.01.29"]
[Round "4"]
[White "Soyek, Ramazan"]
[Black "Yogunali, Mete"]
[Result "1-0"]
[WhiteElo "1993"]
[BlackElo "1740"]
[PlyCount "79"]
[EventDate "2018.01.27"]
[EventType "swiss"]
[EventRounds "11"]
[EventCountry "TUR"]
[SourceTitle "CBM 182 Extra"]
[Source "ChessBase"]
[SourceDate "2018.02.23"]
[SourceVersion "1"]
[SourceVersionDate "2018.02.23"]
[SourceQuality "1"]

1. e4 d5 2. e5 c5 3. c3 Bf5 4. d4 e6 5. Bd3 Bxd3 6. Qxd3 Nd7 7. Ne2 Ne7 8. 0-0 Nc6 9. Be3 c4 10. Qc2 b5 11. Nd2 Be7 12. f4 g6 13. Rf2 Nb6 14. g4 Rf8 15. Nf3 Kd7 16. f5 Bh4 17. Rg2 gxf5 18. g5 Ne7 19. Nxh4 Ng6 20. Nf3 Qe7 21. h4 a5 22. h5 Nh8 23. Nf4 Rg8 24. h6 Kc7 25. Nh5 Nd7 26. Kh1 Ng6 27. b3 Rgb8 28. a4 b4 29. Nd2 cxb3 30. Nxb3 Kd8 31. c4 dxc4 32. Qxc4 Nh4 33. g6 Nxg2 34. Kxg2 fxg6 35. Ng7 Qh4 36. Nxe6+ Ke8 37. Ng5 Qg4+ 38. Kf1 f4 39. Qf7+ Kd8 40. Ne6+ 1-0

[Event "TUR-chT 1st League"]
[Site "Konya"]
[Date "2017.07.22"]
[Round "8.8"]
[White "Zarkua, Davit"]
[Black "Soyek, Ramazan"]
[Result "1-0"]
[WhiteElo "2431"]
[BlackElo "1986"]
[PlyCount "93"]
[EventDate "2017.07.17"]
[EventType "team-swiss"]
[EventRounds "9"]
[EventCountry "TUR"]
[SourceTitle "CBM 179 Extra"]
[Source "ChessBase"]
[SourceDate "2017.08.23"]
[SourceVersion "1"]
[SourceVersionDate "2017.08.23"]
[SourceQuality "1"]
[WhiteTeam "Ankara Ego"]
[BlackTeam "Callica Burdur"]
[WhiteTeamCountry "TUR"]
[BlackTeamCountry "TUR"]

1. Nf3 Nf6 2. g3 d5 3. Bg2 c5 4. c4 d4 5. b4 cxb4 6. a3 b3 7. d3 Nc6 8. Nbd2 e5 9. 0-0 Be7 10. a4 0-0 11. a5 Rb8 12. Nxb3 b5 13. axb6 Qxb6 14. Nfd2 Be6 15. Ba3 Nb4 16. Nf3 Nd7 17. Qd2 h6 18. Rab1 Qc7 19. Nbxd4 exd4 20. Rxb4 Rxb4 21. Bxb4 Bxb4 22. Qxb4 Rb8 23. Qa3 Qb6 24. h4 Nf6 25. c5 Qb4 26. Qxb4 Rxb4 27. Ne5 Rb2 28. Nc6 Rc2 29. Nxd4 Rxc5 30. Nxe6 fxe6 31. Bh3 a5 32. Bxe6+ Kf8 33. Bc4 Ke7 34. f3 g5 35. hxg5 hxg5 36. Kf2 Kd6 37. e4 g4 38. f4 Nxe4+ 39. dxe4 Rxc4 40. e5+ Kd5 41. Ra1 Ke4 42. Ra2 Rc3 43. Re2+ Kf5 44. e6 Rc8 45. e7 Re8 46. Re5+ Kf6 47. Ke3 1-0

[Event "TUR-chT 1st League"]
[Site "Konya"]
[Date "2017.07.18"]
[Round "2.7"]
[White "Keles, Cengiz Ozdemir"]
[Black "Soyek, Ramazan"]
[Result "1-0"]
[WhiteElo "2124"]
[BlackElo "1986"]
[PlyCount "96"]
[EventDate "2017.07.17"]
[EventType "team-swiss"]
[EventRounds "9"]
[EventCountry "TUR"]
[SourceTitle "CBM 179 Extra"]
[Source "ChessBase"]
[SourceDate "2017.08.23"]
[SourceVersion "1"]
[SourceVersionDate "2017.08.23"]
[SourceQuality "1"]
[WhiteTeam "Kahramanmaras CC"]
[BlackTeam "Callica Burdur"]
[WhiteTeamCountry "TUR"]
[BlackTeamCountry "TUR"]

1. d4 Nf6 2. c4 e6 3. Nc3 d5 4. Nf3 c6 5. e3 Nbd7 6. b3 Bb4 7. Bd2 0-0 8. Be2 Qe7 9. 0-0 e5 10. a3 Bd6 11. cxd5 Nxd5 12. Nxd5 cxd5 13. dxe5 Nxe5 14. Bc3 Bg4 15. h3 Bxf3 16. Bxf3 Nxf3+ 17. Qxf3 Bxa3 18. Qg4 f5 19. Qd4 Bc5 20. Qxd5+ Kh8 21. Rac1 Bb6 22. Qb5 Qe6 23. Rcd1 Rf7 24. Rd2 Re8 25. Rfd1 h6 26. Rd6 Qe4 27. Rxh6+ Kg8 28. Rh4 Qe7 29. Rf4 Rc8 30. Bb4 Qe6 31. Qd3 Rd8 32. Qc2 Rxd1+ 33. Qxd1 Rd7 34. Qc2 Rd5 35. Rc4 Qd7 36. Kh2 a5 37. Be1 Qd6+ 38. g3 Qd7 39. e4 Rd1 40. Rc8+ Kh7 41. Qe2 Qxc8 42. Qxd1 fxe4 43. Qh5+ Kg8 44. Qd5+ Kh8 45. Qxe4 Qd7 46. Kg2 Kg8 47. h4 Qb5 48. Qe6+ Kf8 1-0

[Event "TUR Cup"]
[Site "Antalya"]
[Date "2017.02.03"]
[Round "10"]
[White "Ari, Ahmet"]
[Black "Soyek, Ramazan"]
[Result "0-1"]
[WhiteElo "1589"]
[BlackElo "2027"]
[PlyCount "56"]
[EventDate "2017.01.28"]
[EventType "swiss"]
[EventRounds "11"]
[EventCountry "TUR"]
[SourceTitle "CBM 176 Extra"]
[Source "ChessBase"]
[SourceDate "2017.03.02"]
[SourceVersion "1"]
[SourceVersionDate "2017.03.02"]
[SourceQuality "1"]

1. e4 e6 2. d4 d5 3. Nc3 Bb4 4. exd5 exd5 5. h3 Nf6 6. Nf3 0-0 7. Bd3 Re8+ 8. Be3 Ne4 9. 0-0 Nc6 10. a3 Bxc3 11. bxc3 Nxc3 12. Bxh7+ Kxh7 13. Qd3+ Ne4 14. Ng5+ Kg8 15. Nf3 Bf5 16. Qb3 Na5 17. Qb5 c6 18. Qb4 Qb6 19. Qe1 Nc4 20. Rb1 Qc7 21. Rb3 Re7 22. Qe2 Rae8 23. Rfb1 b6 24. Re1 a5 25. a4 b5 26. axb5 cxb5 27. Rxb5 Nc3 28. Qxc4 Qxc4 0-1

[Event "TUR Cup"]
[Site "Antalya"]
[Date "2017.02.02"]
[Round "9"]
[White "Soyek, Ramazan"]
[Black "Ozturk, Fatih"]
[Result "1/2-1/2"]
[WhiteElo "2027"]
[BlackElo "1689"]
[PlyCount "51"]
[EventDate "2017.01.28"]
[EventType "swiss"]
[EventRounds "11"]
[EventCountry "TUR"]
[SourceTitle "CBM 176 Extra"]
[Source "ChessBase"]
[SourceDate "2017.03.02"]
[SourceVersion "1"]
[SourceVersionDate "2017.03.02"]
[SourceQuality "1"]

1. e4 c5 2. Nf3 e6 3. Nc3 Nc6 4. d4 cxd4 5. Nxd4 Qc7 6. Be3 a6 7. Be2 Nge7 8. Nb3 Ng6 9. Qd2 Be7 10. f4 b5 11. 0-0 d6 12. f5 Nge5 13. Nd4 0-0 14. Rad1 Nc4 15. Bxc4 bxc4 16. Nxc6 Qxc6 17. Bd4 f6 18. Rf3 d5 19. exd5 exd5 20. Bf2 d4 21. Qxd4 Bb7 22. Nd5 Bd6 23. b3 Rac8 24. bxc4 Qxc4 25. Rb3 Qxd4 26. Rxd4 1/2-1/2

[Event "TUR Cup"]
[Site "Antalya"]
[Date "2017.01.29"]
[Round "2"]
[White "Gokcen, Fatih"]
[Black "Soyek, Ramazan"]
[Result "0-1"]
[WhiteElo "1786"]
[BlackElo "2027"]
[PlyCount "112"]
[EventDate "2017.01.28"]
[EventType "swiss"]
[EventRounds "11"]
[EventCountry "TUR"]
[SourceTitle "CBM 176 Extra"]
[Source "ChessBase"]
[SourceDate "2017.03.02"]
[SourceVersion "1"]
[SourceVersionDate "2017.03.02"]
[SourceQuality "1"]

1. Nf3 c5 2. c4 g6 3. Nc3 Bg7 4. b3 Nc6 5. g3 Nf6 6. Bg2 0-0 7. Bb2 d6 8. d4 Qa5 9. 0-0 Bg4 10. e3 cxd4 11. exd4 Qh5 12. Qd3 Bh3 13. Rad1 Ng4 14. Rfe1 e5 15. Bxh3 Qxh3 16. Qf1 Qxf1+ 17. Kxf1 exd4 18. Nd5 Rae8 19. Rxe8 Rxe8 20. h3 Nf6 21. Nxf6+ Bxf6 22. Bxd4 Nxd4 23. Nxd4 a6 24. Nc2 Re6 25. Rd5 Bc3 26. f4 Kf8 27. Kf2 Ke7 28. Kf3 Kd7 29. g4 Kc6 30. a4 Re8 31. b4 b6 32. b5+ axb5 33. axb5+ Kd7 34. Rd3 Ba5 35. Ne3 Rc8 36. Rd5 Bb4 37. g5 Bc5 38. Ng4 Ke6 39. Nf6 Ra8 40. Rd3 h5 41. Ke4 Ra4 42. Rc3 Ra1 43. Nd5 Re1+ 44. Kf3 Rh1 45. Ke2 Kf5 46. Rf3 Ke4 47. Nc3+ Kd4 48. Nd5 Rh2+ 49. Ke1 Kxc4 50. Nc7 d5 51. f5 d4 52. fxg6 fxg6 53. Ne6 Bb4+ 54. Kd1 d3 55. Rf1 Ra2 56. Rf4+ Kc3 0-1

[Event "Mersin op 1st"]
[Site "Mersin"]
[Date "2016.10.29"]
[Round "9"]
[White "Soyek, Ramazan"]
[Black "Tinarlioglu, Emre"]
[Result "1-0"]
[WhiteElo "2005"]
[BlackElo "1997"]
[PlyCount "99"]
[EventDate "2016.10.23"]
[EventType "swiss"]
[EventRounds "9"]
[EventCountry "TUR"]
[SourceTitle "EXT 2018"]
[Source "ChessBase"]
[SourceDate "2017.10.13"]
[SourceVersion "1"]
[SourceVersionDate "2017.10.13"]
[SourceQuality "1"]

1. e4 c5 2. Nc3 d6 3. f4 Nc6 4. Nf3 g6 5. Bb5 Bg7 6. 0-0 e6 7. d3 Nge7 8. Be3 0-0 9. Bxc6 Nxc6 10. Qe1 b6 11. f5 exf5 12. Bg5 f6 13. Be3 fxe4 14. dxe4 Be6 15. Rd1 Qe7 16. Bf4 Ne5 17. Qg3 Rad8 18. b3 Bf7 19. Rf2 Rd7 20. Rfd2 Rfd8 21. Qh3 Be6 22. Qg3 a6 23. Na4 b5 24. Nb6 Rb7 25. Bxe5 fxe5 26. Nd5 Bxd5 27. Rxd5 Rbd7 28. Qh3 Bf6 29. Qh6 Bg7 30. Qh3 Bf6 31. Qh6 a5 32. a4 b4 33. Qh3 Bg5 34. Nxe5 Rc7 35. Nc4 Qf6 36. e5 Qf4 37. exd6 Rf7 38. Qd3 Qf2+ 39. Kh1 Rdf8 40. h3 Bh4 41. Ne5 Rf5 42. Ng4 Qf4 43. Rxf5 gxf5 44. Rf1 Qe4 45. Nh6+ Kg7 46. Nxf5+ Rxf5 47. Rxf5 Qe1+ 48. Kh2 Bf2 49. Rxf2 Qxf2 50. d7 1-0

[Event "Mersin op 1st"]
[Site "Mersin"]
[Date "2016.10.27"]
[Round "6"]
[White "Yurtseven, Melih"]
[Black "Soyek, Ramazan"]
[Result "1/2-1/2"]
[WhiteElo "2339"]
[BlackElo "2005"]
[PlyCount "97"]
[EventDate "2016.10.23"]
[EventType "swiss"]
[EventRounds "9"]
[EventCountry "TUR"]
[SourceTitle "EXT 2018"]
[Source "ChessBase"]
[SourceDate "2017.10.13"]
[SourceVersion "1"]
[SourceVersionDate "2017.10.13"]
[SourceQuality "1"]

1. Nf3 d5 2. c4 e6 3. g3 Nf6 4. Bg2 Be7 5. b3 c5 6. 0-0 Nc6 7. cxd5 Nxd5 8. Bb2 0-0 9. Nc3 Nxc3 10. Bxc3 Qc7 11. Qc1 e5 12. Qb2 Bd6 13. Rac1 Qe7 14. d3 Bg4 15. h3 Bd7 16. Nd2 f5 17. Nc4 Rae8 18. Bd5+ Kh8 19. f4 Bb8 20. Bxc6 Bxc6 21. Nxe5 Bxe5 22. Bxe5 Rf7 23. Qc3 b6 24. b4 Qe6 25. bxc5 Qd5 26. e4 fxe4 27. cxb6 Bb7 28. Qc4 Qd7 29. dxe4 Qxh3 30. Rc3 Rd7 31. Rd3 Rc8 32. Bc7 Rxd3 33. Qxd3 Ba6 34. Qf3 Bxf1 35. b7 Ba6 36. b8Q Rxb8 37. Bxb8 Qd7 38. Be5 h6 39. Qh5 Kg8 40. Qf3 Qd2 41. Qf2 Qc1+ 42. Kh2 Bf1 43. Bb2 Qc4 44. Bd4 a6 45. a3 Bd3 46. e5 Bf5 47. Bc5 Kh7 48. Bb4 Qd3 49. Qd2 1/2-1/2

[Event "Mersin op 1st"]
[Site "Mersin"]
[Date "2016.10.24"]
[Round "2"]
[White "Gurel, Ahmet Unal"]
[Black "Soyek, Ramazan"]
[Result "1/2-1/2"]
[WhiteElo "1963"]
[BlackElo "2005"]
[PlyCount "88"]
[EventDate "2016.10.23"]
[EventType "swiss"]
[EventRounds "9"]
[EventCountry "TUR"]
[SourceTitle "EXT 2018"]
[Source "ChessBase"]
[SourceDate "2017.10.13"]
[SourceVersion "1"]
[SourceVersionDate "2017.10.13"]
[SourceQuality "1"]

1. d4 Nf6 2. Nf3 e6 3. c4 d5 4. Nc3 c6 5. Bg5 Nbd7 6. e3 Qa5 7. cxd5 exd5 8. Bd3 Ne4 9. Qc2 Nxg5 10. Nxg5 h6 11. Nf3 Nf6 12. 0-0 Be7 13. a3 0-0 14. b4 Qd8 15. b5 cxb5 16. Nxb5 a6 17. Nc3 b5 18. Ne5 Bd6 19. Qb3 Be6 20. f4 Rc8 21. f5 Bxe5 22. dxe5 d4 23. fxe6 Rxc3 24. Qb4 fxe6 25. Rad1 a5 26. Qxd4 Qxd4 27. exd4 Nd5 28. Bxb5 Rxf1+ 29. Rxf1 Ne3 30. Rf3 Rxa3 31. Bd7 Kh7 32. Bxe6 a4 33. d5 Ra1+ 34. Kf2 Nc4 35. Rf5 a3 36. d6 a2 37. Bxc4 Rf1+ 38. Bxf1 a1Q 39. g4 Qd4+ 40. Kg3 Qe3+ 41. Kg2 Qe4+ 42. Kg3 Qe3+ 43. Kg2 Qe4+ 44. Kh3 g6 1/2-1/2

[Event "Manavgat Turkey Cup"]
[Site "Manavgat"]
[Date "2016.02.06"]
[Round "11"]
[White "Soyek, Ramazan"]
[Black "Kerem, Halil Ozgun"]
[Result "1-0"]
[WhiteElo "1982"]
[BlackElo "1848"]
[PlyCount "105"]
[EventDate "2016.01.30"]
[EventType "swiss"]
[EventRounds "11"]
[EventCountry "TUR"]
[SourceTitle "CBM 170 Extra"]
[Source "ChessBase"]
[SourceDate "2016.02.25"]
[SourceVersion "1"]
[SourceVersionDate "2016.02.25"]
[SourceQuality "1"]

1. e4 c5 2. Nf3 d6 3. d4 cxd4 4. Nxd4 Nf6 5. f3 e5 6. Bb5+ Nbd7 7. Nf5 d5 8. exd5 a6 9. Ba4 b5 10. Bb3 Nb6 11. Ne3 Bb7 12. Nc3 b4 13. Na4 Nbxd5 14. 0-0 Be7 15. Re1 Nxe3 16. Bxe3 Nd7 17. Qd3 Qc7 18. Rad1 Rd8 19. Qc4 Qxc4 20. Bxc4 0-0 21. Bd5 Bxd5 22. Rxd5 f6 23. Red1 Nb8 24. Nb6 Kf7 25. Kf2 Ke6 26. Ke2 Rxd5 27. Rxd5 Rd8 28. Ra5 Rd6 29. Nc8 Rc6 30. Nxe7 Kxe7 31. Bc5+ Ke6 32. Kd3 b3 33. axb3 Nd7 34. b4 f5 35. c4 g5 36. Be3 g4 37. b5 axb5 38. cxb5 Rd6+ 39. Kc4 f4 40. Ba7 Rd2 41. Ra6+ Kf5 42. fxg4+ Kxg4 43. Kc3 Rxg2 44. Rd6 Nf8 45. b6 Rg1 46. b7 Rc1+ 47. Kd2 Rh1 48. b8Q Rxh2+ 49. Kc3 Ng6 50. Qc8+ Kg3 51. Rd3+ f3 52. Qf5 Nf4 53. Qg5+ 1-0

[Event "TUR-chT2"]
[Site "Konya"]
[Date "2015.07.30"]
[Round "8.5"]
[White "Soyek, Ramazan"]
[Black "Hajiyev, Shahin Qabil"]
[Result "0-1"]
[WhiteElo "1971"]
[BlackElo "1937"]
[PlyCount "113"]
[EventDate "2015.07.25"]
[EventType "team-swiss"]
[EventRounds "9"]
[EventCountry "TUR"]
[SourceTitle "CBM 167 Extra"]
[Source "ChessBase"]
[SourceDate "2015.09.14"]
[SourceVersion "1"]
[SourceVersionDate "2015.09.14"]
[SourceQuality "1"]
[WhiteTeam "Burdur Callica"]
[BlackTeam "Mersin Ezgi"]
[WhiteTeamCountry "TUR"]
[BlackTeamCountry "TUR"]

1. e4 c6 2. d4 d5 3. exd5 cxd5 4. Bd3 Nc6 5. c3 Nf6 6. Bf4 Bg4 7. Qb3 Qc8 8. Nd2 e6 9. Ngf3 Be7 10. 0-0 0-0 11. Rae1 Bh5 12. Re3 Bg6 13. Bxg6 hxg6 14. Rfe1 Nh5 15. Be5 Rd8 16. Bg3 Nxg3 17. hxg3 Qc7 18. Ne5 Nxe5 19. Rxe5 b5 20. a4 b4 21. Rc1 bxc3 22. Rxc3 Qb6 23. Nf3 Bf6 24. Re1 Bxd4 25. Qxb6 Bxb6 26. b4 Rdc8 27. Rec1 Rxc3 28. Rxc3 Kf8 29. Rc6 Rb8 30. Ne5 Ke7 31. Kf1 g5 32. Rc2 Ke8 33. Ke2 f6 34. Nc6 Rb7 35. f4 gxf4 36. gxf4 a6 37. g3 Kd7 38. Kd3 Kd6 39. g4 Rc7 40. b5 axb5 41. axb5 Rb7 42. Ra2 e5 43. f5 Kc5 44. Rb2 Bc7 45. Nb4 e4+ 46. Ke3 Be5 47. Na6+ Kc4 48. Rb4+ Kc3 49. b6 d4+ 50. Kxe4 d3 51. Rb5 d2 52. Rc5+ Kb2 53. Rd5 Kc1 54. Rc5+ Kd1 55. Rb5 Ke1 56. Nc5 d1Q 57. Nxb7 0-1

[Event "TUR-chT2"]
[Site "Konya"]
[Date "2015.07.28"]
[Round "6.2"]
[White "Ozdover, Mustafa Berkay"]
[Black "Soyek, Ramazan"]
[Result "1-0"]
[WhiteElo "2084"]
[BlackElo "1971"]
[PlyCount "73"]
[EventDate "2015.07.25"]
[EventType "team-swiss"]
[EventRounds "9"]
[EventCountry "TUR"]
[SourceTitle "CBM 167 Extra"]
[Source "ChessBase"]
[SourceDate "2015.09.14"]
[SourceVersion "1"]
[SourceVersionDate "2015.09.14"]
[SourceQuality "1"]
[WhiteTeam "Ankara Onur"]
[BlackTeam "Burdur Callica"]
[WhiteTeamCountry "TUR"]
[BlackTeamCountry "TUR"]

1. c4 Nf6 2. Nf3 e6 3. g3 d5 4. Bg2 Be7 5. 0-0 0-0 6. d4 dxc4 7. Na3 c5 8. Nxc4 Nc6 9. dxc5 Bxc5 10. Bf4 Nd5 11. Nfe5 Nxf4 12. gxf4 Qf6 13. e3 Rd8 14. Qh5 Be7 15. Rfd1 Nxe5 16. Nxe5 g6 17. Qe2 Bd6 18. Rd4 Qe7 19. Rad1 Bc7 20. Qb5 f6 21. Rxd8+ Bxd8 22. Nd7 a6 23. Nxf6+ Kf7 24. Qd3 Kxf6 25. Qxd8 Qxd8 26. Rxd8 e5 27. Bh3 Bxh3 28. Rxa8 exf4 29. exf4 Be6 30. Rb8 Bd5 31. Rf8+ Kg7 32. Rd8 Bxa2 33. Rd7+ Kf6 34. Rxb7 Bc4 35. Rxh7 Kf5 36. f3 Kxf4 37. Rh4+ 1-0

[Event "TUR-chT2"]
[Site "Konya"]
[Date "2015.07.27"]
[Round "4.4"]
[White "Soyek, Ramazan"]
[Black "Uygur, Onur"]
[Result "1-0"]
[WhiteElo "1971"]
[BlackElo "1940"]
[PlyCount "57"]
[EventDate "2015.07.25"]
[EventType "team-swiss"]
[EventRounds "9"]
[EventCountry "TUR"]
[SourceTitle "CBM 167 Extra"]
[Source "ChessBase"]
[SourceDate "2015.09.14"]
[SourceVersion "1"]
[SourceVersionDate "2015.09.14"]
[SourceQuality "1"]
[WhiteTeam "Burdur Callica"]
[BlackTeam "Ankara Odtu"]
[WhiteTeamCountry "TUR"]
[BlackTeamCountry "TUR"]

1. e4 e5 2. Nf3 Nc6 3. d4 exd4 4. Nxd4 Bc5 5. Be3 Qf6 6. c3 Nge7 7. Bc4 Ne5 8. Be2 d6 9. f4 Qh4+ 10. g3 Qh6 11. 0-0 0-0 12. Bf2 N5g6 13. f5 Ne5 14. Nb5 c6 15. Nd4 d5 16. Nd2 Bb6 17. g4 Rd8 18. Qe1 Qh3 19. Kh1 Nxg4 20. Bxg4 Qxg4 21. Bh4 Re8 22. exd5 Bxd4 23. cxd4 Qxd4 24. Rd1 Qxd5+ 25. Ne4 Qe5 26. Nd6 Nxf5 27. Nxe8 Ne3 28. Nf6+ gxf6 29. Rd8+ 1-0